Software evolution and maintenance : (Record no. 22697)
[ view plain ]
| 000 -LEADER | |
|---|---|
| fixed length control field | 01020cam a22002655a 4500 |
| 001 - CONTROL NUMBER | |
| control field | 18298051 |
| 005 - DATE AND TIME OF LATEST TRANSACTION | |
| control field | 20161018155326.0 |
| 008 - FIXED-LENGTH DATA ELEMENTS--GENERAL INFORMATION | |
| fixed length control field | 140911t2015 njua frbd 001 0 eng d |
| 020 ## - INTERNATIONAL STANDARD BOOK NUMBER | |
| International Standard Book Number | 9780470603413 |
| 040 ## - CATALOGING SOURCE | |
| Original cataloging agency | DLC |
| Language of cataloging | eng |
| Transcribing agency | DLC |
| Modifying agency | DLC |
| -- | EG-ScBUE |
| 082 04 - DEWEY DECIMAL CLASSIFICATION NUMBER | |
| Classification number | 005.16 |
| Edition number | 22 |
| Item number | TRI |
| 100 1# - MAIN ENTRY--PERSONAL NAME | |
| Personal name | Tripathy, Priyadarshi, |
| Dates associated with a name | 1958- |
| 245 10 - TITLE STATEMENT | |
| Title | Software evolution and maintenance : |
| Remainder of title | a practitioner's approach / |
| Statement of responsibility, etc | Priyadarshi Tripathy, Kshirasagar Naik. |
| 260 ## - PUBLICATION, DISTRIBUTION, ETC. (IMPRINT) | |
| Place of publication, distribution, etc | Hoboken : |
| Name of publisher, distributor, etc | John Wiley &Sons, |
| Date of publication, distribution, etc | c.2015. |
| 300 ## - PHYSICAL DESCRIPTION | |
| Extent | xxii, 393 p. : |
| Other physical details | ill. ; |
| Dimensions | 25 cm. |
| 500 ## - GENERAL NOTE | |
| General note | Glossary : p. 359-378. |
| 500 ## - GENERAL NOTE | |
| General note | Index : p. 379-393. |
| 504 ## - BIBLIOGRAPHY, ETC. NOTE | |
| Bibliography, etc | Includes bibliographical references. |
| 650 #7 - SUBJECT ADDED ENTRY--TOPICAL TERM | |
| Topical term or geographic name as entry element | Software maintenance. |
| Source of heading or term | BUEsh |
| 9 (RLIN) | 16994 |
| 651 ## - SUBJECT ADDED ENTRY--GEOGRAPHIC NAME | |
| Source of heading or term | BUEsh |
| 653 ## - INDEX TERM--UNCONTROLLED | |
| Resource For college | Informatics and Computer Science |
| Arrived date list | October2016 |
| 700 1# - ADDED ENTRY--PERSONAL NAME | |
| Personal name | Naik, Kshirasagar, |
| Dates associated with a name | 1959- |
| 776 08 - ADDITIONAL PHYSICAL FORM ENTRY | |
| Display text | Online version: |
| Main entry heading | Tripathy, Priyadarshi, 1958- |
| Title | Software evolution and maintenance |
| Place, publisher, and date of publication | Hoboken, New Jersey : John Wiley & Sons Inc., [2015] |
| International Standard Book Number | 9781118960295 |
| Record control number | (DLC) 2014036409 |
| 942 ## - ADDED ENTRY ELEMENTS (KOHA) | |
| Source of classification or shelving scheme | Dewey Decimal Classification |
| Withdrawn status | Item status | Source of classification or shelving scheme | Damaged status | Not for loan | Vendor | Home library | Current library | Shelving location | Date acquired | Source of acquisition | Cost, normal purchase price | Serial Enumeration / chronology | Total Checkouts | Full call number | Barcode | Date last seen | Cost, replacement price | Koha item type |
|---|---|---|---|---|---|---|---|---|---|---|---|---|---|---|---|---|---|---|
| Dewey Decimal Classification | Academic Bookshop | Central Library | Central Library | Lower Floor | 18/10/2016 | Purchase | 770.00 | 9128 | 005.16 TRI | 000034328 | 15/07/2025 | 962.50 | Book - Borrowing |